Tổ chức dạy học môn hoạt động giáo dục ngoài giờ lên lớp ở trường cao đẳng Sư phạm Sách trợ giúp giảng viên cao đẳng Sư phạm
Nêu những vấn đề chung nhất về hoạt động giáo dục ngoài giờ lên lớp (HĐNGLL) ở trường trung học cơ sở và cao đẳng sư phạm. Giới thiệu cách thức tổ chức dạy học và tổ chức thực hành môn HĐNGLL ở trường cao đẳng sư phạm
Đã lưu trong:
| Tác giả chính: | |
|---|---|
| Định dạng: | Sách |
| Ngôn ngữ: | Vietnamese |
| Được phát hành: |
H.
Đại học Sư phạm
2007
|
| Những chủ đề: | |
| Các nhãn: |
Thêm thẻ
Không có thẻ, Là người đầu tiên thẻ bản ghi này!
|
| Thư viện lưu trữ: | Mạng thư viện Đại học Đà Nẵng |
|---|
| LEADER | 01624nam a2200361 4500 | ||
|---|---|---|---|
| 001 | 000015381 | ||
| 003 | 11761 | ||
| 005 | 20120528090516.0 | ||
| 008 | 120528s2007 viesd | ||
| 041 | 0 | |a vie | |
| 082 | |a 378.071 |b PH-H | ||
| 100 | 0 | |a Phạm Thị Minh Hạnh | |
| 245 | 0 | |a Tổ chức dạy học môn hoạt động giáo dục ngoài giờ lên lớp ở trường cao đẳng Sư phạm |b Sách trợ giúp giảng viên cao đẳng Sư phạm |c Phạm Thị Minh Hạnh | |
| 260 | |a H. |b Đại học Sư phạm |c 2007 | ||
| 300 | |a 235tr. |b ảnh, bảng |c 24cm | ||
| 500 | |a ĐTTS ghi: Bộ Giáo dục và Đào tạo. Dự án Đào tạo Giáo viên THCS | ||
| 504 | |a Thư mục: tr. 234-235 | ||
| 520 | |a Nêu những vấn đề chung nhất về hoạt động giáo dục ngoài giờ lên lớp (HĐNGLL) ở trường trung học cơ sở và cao đẳng sư phạm. Giới thiệu cách thức tổ chức dạy học và tổ chức thực hành môn HĐNGLL ở trường cao đẳng sư phạm | ||
| 653 | |a Cao đẳng | ||
| 653 | |a Dạy học | ||
| 653 | |a Ngoại khoá | ||
| 653 | |a Sư phạm | ||
| 653 | |a Tổ chức | ||
| OWN | |a LSP | ||
| AVA | |a UDN50 |b LSP |d 378.071 PH-H |e available |t Error 5001 Not defined in file expand_doc_bib_avail. |f 5 |g 0 |h N |i 0 |k 1 | ||
| 999 | |a From the UDN01 | ||
| AVA | |a UDN50 |b LSP |d 378.071 PH-H |e available |t Error 5001 Not defined in file expand_doc_bib_avail. |f 5 |g 0 |h N |i 0 |k 1 | ||
| TYP | |a Monograph | ||
| TYP | |a Printed language | ||
| 980 | |a Mạng thư viện Đại học Đà Nẵng | ||